000 00636nam a22002177a 4500
003 UA-OsUOA
001 57755
007 ta
008 20060903b un ||||| |||| 00| 0 ukr d
090 _a012(477):929
_bВ55
942 _cBK
040 _aUA-OsUOA
_bukr
_cUA-OsUOA
_dUA-OsUOA
245 _aВіктор Антоновияч Чабаненко
_bБібліографічний покажчик
300 _a100 с.
955 _a1
041 _aukr
080 _a012(477):929
260 _aЗапоріжжя
_c2007
650 7 _a01 Бібліографія і бібліографії. Каталоги
_2UDC
999 _c343842
_d343842